000 00437nam a22001697a 4500
005 20260223141528.0
008 260223b |||||||| |||| 00| 0 eng d
020 _a978-0-357-11408-7
100 _aEPP, SUSANNA S.
245 _aDISCRETE MATHEMATICS
_bWITH APPLICATIONS
250 _a5TH ED
260 _aSINGAPORE
_bCENGAGE
_c2020
300 _aXXII, 871P.
500 _aINCLUDES INDEX
650 _aMATHEMATICS
942 _2lcc
_cREF
999 _c216592
_d216592